Quizzes
Events
Quiz Creation
Community
Videos
Private Events
Remove Ads
Sign In
Join for FREE
Feedback
Dark Mode
Quiz Categories
Sports
Geography
Music
Movies
Television
Just For Fun
Miscellaneous
History
Literature
Language
Science
Gaming
Entertainment
Religion
Holiday
For Kids
Quiz Lab
Recent
Popular Today
Quiz Kudos Today
Editor Picks
Curator Picks
Quizzes by...
Day
Popularity
Type
Ratings
Length
Year
Community
Subscriptions
Recent Discussions
Orange Saloon
Badges
Playlists
Quests
Create
Leaderboards
Showdown
Live 5
Trivia Bingo
Activity
Puzzle Library
Sporcle Events
Private Events
Virtual Trivia
Globe League
Become a Host
Pub Owners
SporcleCon
Opinionation
Our Games
Videos
Blog
Mobile Apps
Partnerships
Remove Ads and Go Orange
Feedback
Music
Pop Music
The Beatles
Song
Album
Lyrics
Bands
Singers
Artist
Clip
Rock
Rap
Classical
Billboard
Country Music
Kpop
Taylor Swift
Music
Pop Music
The Beatles
Song
Album
Lyrics
Bands
Singers
Artist
Clip
Rock
Rap
Classical
Billboard
Country Music
Kpop
Taylor Swift
Random Quiz
Search Sporcle
×
Curator Pick
Curator Pick
Music
Lyrics
Type in answers that appear in a list
Type in answers that appear in a list
Classic
Best Score? Go Orange.
'Bad' Lyrics Stats
Can you name the lyrics to Bad by U2
By
georgieburgess
7m
216 Questions
1,219 Plays
1,219 Plays
1,219 Plays
Comments
Comments
Give Quiz Kudos
Give Quiz Kudos
-
- Ratings
hide this ad
Replay
Link that replays current quiz
Next Quiz
Link to next quiz in quiz playlist
You Got
0%
They Got
Avg Score
80%
Avg Friend Score
Upgrade to see
Score Distribution
Jump to the score distribution portion of the page
Score
0/216
Timer
07:00
0
Plays Today
% Correct
I
99.4%
I
99.4%
I
99.4%
I
99.4%
I
99.4%
I
99.4%
I
99.4%
I
99.4%
I
99.4%
I
99.4%
I
99.4%
and
99.1%
the
99.1%
the
99.1%
and
99.1%
the
99.1%
the
99.1%
and
99.1%
the
99.1%
the
99.1%
and
99.1%
the
99.1%
and
99.1%
and
99.1%
and
99.1%
and
99.1%
and
99.1%
and
99.1%
and
99.1%
you
97.5%
you
97.5%
you
97.5%
you
97.5%
you
97.5%
you
97.5%
you
97.5%
it
94.7%
it
94.7%
it
94.7%
it
94.7%
it
94.7%
it
94.7%
it
94.7%
If
94.6%
If
94.6%
If
94.6%
If
94.6%
If
94.6%
If
94.6%
If
94.6%
If
94.6%
If
94.6%
go.
94.5%
go
94.5%
go
94.5%
go.
94.5%
go
94.5%
go
94.5%
go
94.5%
in
93.1%
in
93.1%
in
93.1%
in
93.1%
away.
92.7%
away
92.7%
away,
92.7%
away
92.7%
away.
92.7%
away.
92.7%
away
92.7%
away
92.7%
away
92.7%
% Correct
let
92.5%
let
92.5%
let
92.5%
let
92.5%
Let
92.5%
let
92.5%
let
92.5%
could,
92.3%
could,
92.3%
could
92.3%
could,
92.3%
could,
92.3%
could,
92.3%
would
92%
would
92%
would
92%
would
92%
would
92%
to
91%
to
91%
To
91%
to
91%
To
91%
to
91%
To
91%
to
91%
To
91%
to
91%
turn
88.4%
your
88.3%
your
88.3%
Oh
87.9%
twist
85.1%
this
82.4%
this
82.4%
This
82.4%
know
81.7%
Into
81.5%
Into
81.5%
Into
81.5%
no,
81.4%
no,
81.4%
no.
81.4%
fade
81.4%
fade
81.4%
fade
81.4%
fade
81.4%
fade
81.4%
not
79.4%
not
79.4%
heart
79.1%
heart
79.1%
again.
78.2%
night,
78.2%
I'm
77.8%
I'm
77.8%
I'm
77.8%
I'm
77.8%
I'm
77.8%
I'm
77.8%
life-line
76.6%
yourself
76.4%
so
76.4%
so
76.4%
so
76.4%
so
76.4%
so
76.4%
two
76.3%
see
76.2%
see
76.2%
wind.
74.8%
light
74.8%
% Correct
light
74.8%
through
73.9%
through
73.9%
through
73.9%
tear
73.5%
sleeping.
72%
sleeping
72%
of
71.8%
wide
71.6%
awake.
71.6%
wide
71.6%
awake,
71.6%
wide
71.6%
awake.
71.6%
wide
71.6%
awake,
71.6%
wide
71.6%
awake,
71.6%
wide
71.6%
awake
71.6%
walk,
71.5%
walk
71.5%
yes
70.6%
day.
69.8%
throw
69.4%
half
69.2%
Surrender,
69.1%
break,
68.6%
break
68.6%
Isolation,
68.5%
dislocate.
66.9%
then
66.2%
Leave
64.7%
lifeless
64.2%
I'd
63.2%
colours
62.9%
Colours
62.9%
spirit
62.6%
black
62.4%
blue
62.2%
Blue
62.2%
free
62.2%
clay,
62%
set
61%
temptation
59.9%
say
59.4%
should
59.1%
what
58.5%
rain
58.4%
ask,
58.2%
myself,
56.6%
True
56.6%
maybe
56.3%
burning
53.7%
tell
53.6%
fly
52.4%
desolation
52.2%
sky
49.1%
condemnation
48.7%
collide
47.3%
lead
47.2%
flame.
45.1%
silken
44.7%
flag.
43.6%
Revelation,
43.4%
desperation,
43.3%
eyes.
41.8%
crash,
40.4%
They'd
38.9%
Separation,
37.8%
dislocation
37.3%
blood-shot
37.1%
Quiz Playlist
Details
Report
Send in Message
Add To Playlist
Classic:
Type in answers that appear in a list
Last Updated: Feb 16, 2017
Curator Pick in
Lyrics
Quiz Scoreboard
CHALLENGE
Sign Up to Join the Scoreboard
Show All
Scores
Hide
Comments
May contain spoilers
Recently Published
Billboard Blitz: Fleetwood Mac
by CooCooCachoo
Music
15s
Presidents Visiting Landmarks
by Hejman
History
7m
An Introduction to Baseball
by treessimontrees
Sports
5m
More to Explore
Quiz From the Vault
Featured Blog Post
Where Did the Easter Bunny Come From?
hide this ad
You Might Also Like...
Tags
Lyrics Quiz
Song Quiz
Bad Description
U2 Band
Today's Top Quizzes in Music
Browse Music
hide this ad
Today's Top Quizzes in Lyrics
Browse Lyrics
Top Contributed Quizzes in Music
1
Taylor Swift All Songs (2024)
2
Guess the Artist- 70s Songs
3
7-to-1: Billboard Hot 100 #1 Hits of 2010s
4
Sorting Albums and Songs
5
Taylor Swift Logic Puzzle
6
KPOP LOGIC QUIZ
7
2010s Album by Cover III
8
One Thing in Common: Music
9
Guess the Taylor Swift song (Mystery Song)
10
Guess The Taylor Swift Lyrics Song #1
Explore More
Trending Topics
Disney
NBA
Anime
Harry Potter
Marvel
Kpop
Crossword
Puzzle
NFL
WWE
Song
Country
The Office
Pokémon
Soccer
hide this ad
More By:
georgieburgess
Quiz
Plays
Rating
Category
Featured
Created
Surnames by Any 3 Letters (USA)
118,838
4.71
Miscellaneous
Aug 26, 2014
One Word EPL Teams
94,598
4.32
Sports
Mar 7, 2016
US Presidents Aged 80+
85,171
4.44
History
May 24, 2010
Celebrities as Ordinary People
84,396
4.11
Just For Fun
Jul 19, 2014
20 Famous Construction Projects
72,404
4.36
History
Mar 25, 2011
Go to Creator's Profile
Score Distribution
Quiz Creator Spotlight
georgieburgess
Follow
Send a Message
Quizzes Created
-
Created Quiz Play Count
-
More By This Creator
Popular Quizzes Today
1
Find the US States - No Outlines Minefield
2
Find the Countries of Europe - No Outlines Minefield
3
The Countries of the World
4
Find the US States
5
US States
6
Risky Map Clicking: Biggest States A-Z
7
Popular People in 1961
8
Movies - When Are They Set?
More Music Quizzes
Streets In Songs
Published
Trending Quizzes
Risky Map Clicking: Least Populous States A-Z
1-10 Letter G Words
1-10 Letter F Words
Risky Map Clicking: Next State Alphabetically
Risky Map Clicking: Biggest States A-Z
Recently Updated
Leaping Animals
pecheneg
Reality TV Shows (A-Z)
bhenderson79
Rickey Henderson's Hall of Fame Teammates
pecheneg
Champions League XIs: Arsenal
pecheneg
Quick Pick: Celebrities in WWE's Hall of Fame
aduchscher
A-Z Keypad Blitz II
pecheneg
Multiple Oscar Actors
pecheneg
Mystery Phrase Blitz: Oscar 'Best Actors'
pecheneg
F. Scott Fitzgerald Novels
LTH
Pick 3 Villains
ddd62291
Trending Topics
Harry Potter
Marvel
Anime
Disney
Kpop
NBA
Crossword
Soccer
Pokémon
Song
NFL
The Office
WWE
Puzzle
Country
Your Account Isn't Verified!
In order to create a playlist on Sporcle, you need to verify the email address you used during registration. Go to your
Sporcle Settings
to finish the process.
Report this User
Report this user for behavior that violates our
Community Guidelines
.
Details:
Send Report
Go to the Sporcle.com Mobile Site →
Comments